00321nam a2200109Ia 4500008004100000082001000041100002800051245003700079260002100116630003700137730003700174100328s9999 xx 000 0 und d b58971 aपै शिरीष. aहाती शिल्लक. bअनुभव. aहाती शिल्लक. aहाती शिल्लक.